[Sulpitii Verulani oratoris presta[n]tissimi opus insigne grammaticum feliciter incipit]

Bibliographic Details
Main Author: Sulpitius Verulanus, Joannes, 15th cent
Format: eBook
Language:Latin
Published: [S.l. : W. de Worde, Dec. 19, 1504]
Series:Early English books online.
Subjects:
Online Access:Connect to the full text of this electronic book

MARC

Tag First Indicator Second Indicator Subfields
LEADER 00000nam a2200000Ia 4500
001 in00004207213
005 20200806091626.0
006 m g d
007 cr bn |||a|bb|
008 910716s1504 xx o 00| | lat d
035 |a (OCoLC)24081437 
037 |a CL0036000055  |b ProQuest. 789 E. Eisenhower Parkway, Ann Arbor, MI 48108-3218 
040 |d WaOLN 
090 |a PA2073  |b .S84 1504 
049 |a UMIA 
100 1 |a Sulpitius Verulanus, Joannes,  |d 15th cent. 
245 1 0 |a [Sulpitii Verulani oratoris presta[n]tissimi opus insigne grammaticum feliciter incipit] 
260 |a [S.l. :  |b W. de Worde,  |c Dec. 19, 1504] 
300 |a 1 online resource ([8+] pages) 
336 |a text  |b txt  |2 rdacontent 
337 |a computer  |b c  |2 rdamedia 
338 |a online resource  |b cr  |2 rdacarrier 
500 |a T.p. lacking; title suggested by STC (2nd edition). 
500 |a Attributed to Sulpitius by STC (2nd edition) and NUC pre-1956 imprints. 
500 |a Publisher and date of publication suggested by STC (2nd edition). 
500 |a Imperfect: lacks all except signature f₁-f₄. 
500 |a Reproduction of original in the Cambridge University Library. 
510 4 |a STC (2nd edition)  |c 23427.7 
533 |a Electronic reproduction.  |b Ann Arbor, Mich. :  |c UMI,  |d 1999-  |f (Early English books online)  |n Digital version of: (Early English books, 1475-1640 ; 1842:15)  |7 s1999 miun s 
650 0 |a Latin language  |x Grammar  |v Early works to 1500. 
830 0 |a Early English books online. 
856 4 0 |u http://proxy.library.tamu.edu/login?url=https://search.proquest.com/docview/2248540824  |z Connect to the full text of this electronic book  |t 0 
999 f f |s 2a18b940-2aec-3c4a-b123-9a6445cd3585  |i 683a9083-5a62-32ec-9c1f-2687f083970f  |t 0 
952 f f |a Texas A&M University  |b College Station  |c Electronic Resources  |d Available Online  |t 0  |e PA2073 .S84 1504  |h Library of Congress classification 
998 f f |a PA2073 .S84 1504  |t 0  |l Available Online